| 000 | 00403nam a2200181Ia 4500 | ||
|---|---|---|---|
| 003 | 0100 | ||
| 008 | 130303s9999 xx 000 0 und d | ||
| 040 | _cARRUPELIB | ||
| 050 | _aB765.T54D351992 | ||
| 100 | _aDavies, Brian | ||
| 245 | 4 | _aThe Thought of Thomas Aquinas | |
| 260 | _aOxford | ||
| 260 | _bClarendon Press | ||
| 260 | _C1992 | ||
| 300 | _a391p. | ||
| 650 | _bApologetics | ||
| 942 | 0 | 0 | _05 |
| 999 |
_c19849 _d19849 |
||